| 000 | 01462nam a2200361Ia 4500 | ||
|---|---|---|---|
| 001 | dia_5558 | ||
| 003 | CHAP | ||
| 005 | 20250523113052.0 | ||
| 007 | ta | ||
| 008 | 220117s1993 mx bd fr 001 0 spa d | ||
| 040 |
_cCHAP _amxchpua |
||
| 090 |
_aT.C.165 _bC45 IAI _c1993 |
||
| 245 | 1 | 0 |
_aInforme final de la práctica del curso de interrelación agricultura-industria / _ccoordinadores Walter Chisolm Stardard, Adolfo Rodríguez Canto y Rutilio Nava Montero ; colaboradores Leydi Domínguez Hernández...[et al.] |
| 260 |
_aMéxico : _bEl autor, _c1993 |
||
| 300 |
_a89 hojas : _bmapas, gráficas, diagramas, tablas |
||
| 336 |
_2rdacontent _atexto _btxt |
||
| 337 |
_2rdamedia _asin medio _bn |
||
| 338 |
_2rdacarrier _avolumen _bnc |
||
| 502 |
_aViaje de Estudios _b(IAI) -- _cUACh. Departamento de Ingeniería Agroindustrial, _d1993 |
||
| 504 | _aBibliografía: hoja 84 | ||
| 650 | 1 | 3 |
_aIndustria del ganado y de la carne _9153076 _zMéxico _zYucatán |
| 650 | 1 | 3 |
_aLivestock and meat industry _9153077 _zMexico _zYucatán |
| 700 | 1 |
_aChisholm Stadard, Walter _922630 _ecoordinador |
|
| 700 | 1 |
_aNava Montero, Rutilio _980457 _ecoordinador |
|
| 700 | 1 |
_aRodríguez Canto, Adolfo _ecoordinador _998359 |
|
| 700 | 1 |
_aDomínguez Hernández, Leydi _933821 _ecolaboradora |
|
| 901 | _aT.C.165 C45 IAI 1993 | ||
| 902 | _aM | ||
| 905 | _a5332271993 mx mnib8223123322spa16 | ||
| 942 | _2local | ||
| 942 | _cVE | ||
| 999 |
_c176499 _d176499 |
||